| Record ID | ia:eljuegodeldinero0000kiyo_a0f9 |
| Source | Internet Archive |
| Download MARC XML | https://archive.org/download/eljuegodeldinero0000kiyo_a0f9/eljuegodeldinero0000kiyo_a0f9_marc.xml |
| Download MARC binary | https://www.archive.org/download/eljuegodeldinero0000kiyo_a0f9/eljuegodeldinero0000kiyo_a0f9_meta.mrc |
LEADER: 02081cam 2200481Ia 4500
001 ocm70706578
003 OCoLC
005 20200629055741.0
008 060727s2005 mx 000 0 spa d
040 $aNVC$beng$cNVC$dBAKER$dSAP$dTEF$dYDXCP$dBDX$dOCLCF$dOCLCQ$dJHWCP$dTME$dOCLCA
020 $a9707701307$q(pbk.)
020 $a9789707701304$q(pbk.)
035 $a(OCoLC)70706578
041 1 $aspa$heng
050 14 $aHG4521$b.K56318 2005
082 04 $a332.6$222
100 1 $aKiyosaki, Robert T.,$d1947-
240 10 $aRich dad's who took my money?.$lSpanish
245 13 $aEl juego del dinero :$bpor qué los inversionistas lentos pierden!y el dinero rápido gana! /$cRobert T. Kiyosaki con Sharon L. Lechter ; traducción: María Andrea Riovine.
246 14 $aPadre Rico presenta: El juego del dinero :$bpor qué los inversionistas lentos pierden y el dinero rápido gana
246 3 $aWho took my money?
260 $aMéxico, D.F. :$bAguilar,$c2005.
300 $a366 pages ;$c23 cm
336 $atext$btxt$2rdacontent
337 $aunmediated$bn$2rdamedia
338 $avolume$bnc$2rdacarrier
500 $aTitulo original: Who took my money.
520 $aAl citar los factores que hacen que las inversiones típicas sean insuficientes para las necesidades promedio a largo plazo, una guía para maximizar los rendimientos ofrece consejos sobre cómo acelerar las inversiones y permitir un crecimiento de alta tasa.
610 24 $aInvestments.
650 0 $aInvestments.
650 0 $aFinance, Personal.
650 7 $aInversiones.$2bidex
650 7 $aHacienda privada.$2bidex
650 7 $aFinance, Personal.$2fast$0(OCoLC)fst00924449
650 7 $aInvestments.$2fast$0(OCoLC)fst00978234
655 7 $aSpanish language books.$2gsafd
700 1 $aLechter, Sharon L.
700 1 $aRiovine, María.
938 $aBaker & Taylor$bBKTY$c17.95$d13.46$i9707701307$n0006823519$sactive
938 $aBrodart$bBROD$n05358299$c$22.50
938 $aYBP Library Services$bYANK$n2696603
994 $aZ0$bP4A
948 $hNO HOLDINGS IN P4A - 75 OTHER HOLDINGS